Nová měrová soustava

Salvato in:
Dettagli Bibliografici
Autore principale: Šindelář, Václav
Altri autori: Smrž, Ladislav
Natura: Libro
Lingua:ceco
Pubblicazione: Praha Státní pedagogické nakladatelství 1968
Serie:Spisy matematicko-fyzikální sv. 4
Tags: Aggiungi Tag
Nessun Tag, puoi essere il primo ad aggiungerne!!

MARC

LEADER 00000nam a2200000 4500
001 c121574
005 20041019155222.8
041 0 |a cze 
044 |a CZ 
245 1 0 |a Nová měrová soustava  |c Václav Šindelář, Ladislav Smrž 
264 1 |a Praha  |b Státní pedagogické nakladatelství  |c 1968 
300 |a 547 s. 
490 1 |a Spisy matematicko-fyzikální  |v sv. 4 
830 0 |a Spisy matematicko-fyzikální  |v sv. 4 
100 1 |a Šindelář, Václav 
700 1 |a Smrž, Ladislav